RSEQ - Équipes - Statistiques

Statistiques générales
  • Ce quiz a été pris 6 fois
  • Le résultat moyen est 7 sur 13
Statistiques - réponses
INSTITUTIONS ÉQUIPES % Correct
Université de Montréal Carabins
100%
Université Laval Rouge et Or
100%
Université de Sherbrooke Vert et Or
80%
UQAC (Chicoutimi) Inuk
60%
UQTR (Trois-Rivières) Patriotes
60%
Université McGill (Masculin) Redbirds
60%
Université Concordia Stingers
60%
UQAM (Montréal) Citadins
40%
Université Bishop's Gaiters
40%
Université McGill (Féminin) Martlets
40%
École de technologie supérieure (ÉTS) Piranhas
20%
UQO (Outaouais) Torrents
20%
UQAR (Rimouski) Nordet
0%
Aucun quiz correspondant
Distribution des résultats
% des personnes avec chaque résultat
Percentile par nombre de réponses
Votre historique - résultats
Vous n’avez pas pris ce quiz